| Tag |
First Indicator |
Second Indicator |
Subfields |
| LEADER |
00000cam a2200000 a 4500 |
| 001 |
in00005504739 |
| 006 |
m o d |
| 007 |
cr ||||||||||| |
| 008 |
090731s2008 dcuabf ob 001 0 eng |
| 005 |
20241009195739.5 |
| 035 |
|
|
|a (OCoLC)ocn428818293
|
| 040 |
|
|
|a MUU
|b eng
|e pn
|c MUU
|d COO
|d OCLCQ
|d OCLCF
|d OCLCO
|d OCLCE
|d OCLCQ
|d ACY
|d OCLCQ
|d LIP
|d OCLCQ
|d AU@
|d YOU
|d CASSC
|d OCLCA
|d MERER
|d OCLCO
|d CUY
|d OCLCO
|d YDX
|d OCLCQ
|d OCLCO
|d UKBTH
|d OCLCA
|d VT2
|d OCLCO
|d OCLCQ
|d OCL
|d OCLCO
|d OCLCL
|d OCLCQ
|
| 019 |
|
|
|a 629892854
|a 679343171
|a 990456193
|a 1058141183
|a 1077855759
|a 1113000645
|a 1159629409
|a 1281713718
|a 1410461943
|
| 020 |
|
|
|a 9780841221208
|q (ebook)
|
| 020 |
|
|
|a 0841221200
|q (ebook)
|
| 020 |
|
|
|a 9780841239517
|q (alk. paper)
|
| 020 |
|
|
|a 0841239517
|q (alk. paper)
|
| 035 |
|
|
|a (OCoLC)428818293
|z (OCoLC)629892854
|z (OCoLC)679343171
|z (OCoLC)990456193
|z (OCoLC)1058141183
|z (OCoLC)1077855759
|z (OCoLC)1113000645
|z (OCoLC)1159629409
|z (OCoLC)1281713718
|z (OCoLC)1410461943
|
| 042 |
|
|
|a dlr
|
| 043 |
|
|
|a n-us---
|a e------
|a n------
|a a------
|a po-----
|
| 050 |
|
4 |
|a TA424
|b .D48 2008b
|
| 050 |
|
4 |
|a QD3 A37 V.982b
|
| 060 |
|
4 |
|a W5
|b D489 2008
|
| 070 |
|
|
|a TA424
|b .D48 2008
|
| 072 |
|
7 |
|a TEC
|x 040000
|2 bisacsh
|
| 082 |
0 |
4 |
|a 674/.386
|2 22
|
| 084 |
|
|
|a TEC021000
|2 bisacsh
|
| 049 |
|
|
|a TXAM
|
| 245 |
0 |
0 |
|a Development of commercial wood preservatives :
|b efficacy, environmental, and health issues /
|c Tor P. Schultz, editor [and others] ; sponsored by the Division of Cellulose and Renewable Materials.
|
| 260 |
|
|
|a Washington, DC :
|b American Chemical Society ;
|a [New York] :
|b Distributed by Oxford University Press,
|c ©2008.
|
| 300 |
|
|
|a 1 online resource (xv, 655 pages) :
|b illustrations (some color), maps
|
| 336 |
|
|
|a text
|b txt
|2 rdacontent
|
| 337 |
|
|
|a computer
|b c
|2 rdamedia
|
| 338 |
|
|
|a online resource
|b cr
|2 rdacarrier
|
| 490 |
1 |
|
|a ACS symposium series ;
|v 982
|
| 500 |
|
|
|a Title from PDF title page (ACS publications, viewed July 31, 2009).
|
| 504 |
|
|
|a Includes bibliographical references and indexes.
|
| 505 |
0 |
|
|a Introduction to developing wood preservative systems and molds in homes / Tor P. Schultz and Darrel D. Nicholas -- Fungal decay of wood: soft rot-brown rot-white rot / Barry Goodell, Yuhui Qian, and Jody Jellison -- Insects that infest seasoned wood in structures / Terry L. Amburgey -- Molds and stain fungi / Jeffrey J. Morrell -- Weathering and photoprotection of wood / Philip D. Evans -- Regional biodeterioration hazards in the United States / Stan T. Lebow and Terry Highley -- Concepts in the development of new accelerated test methods for wood decay / Darrel D. Nicholas and Holger Militz -- Evaluating the durability of wood-based composites / Glenn M. Larkin and Peter E. Laks -- Mold growth in structures: an overview / Stephen L. Quarles -- The biology and microscopy of building molds: medical and molecular aspects / Jody Jellison, Barry Goodell, and Geoffrey Daniel -- Molds and moldicide formulations for exterior paints and coatings / K. Hansen -- The changing landscapes of mold litigation / Michael J. Pietrykowski, Constantine M. Panagotacos, and Marisa A. McKeown -- Wood preservative fungicides and the American wood preservers' association use category system / Peter E. Laks -- Bioactive compounds to prevent insect degradation wood / Gregg Henderson -- Termite control from the perspective of the termite: a 21st century approach / R. Joseph Woodrow and J. Kenneth Grace -- Improving the performance of organic biocides by using economical and benign additives / Tor P. Schultz and Darrel D. Nicholas -- Biocide depletion: chemical, physical, and photodegradation / John N.R. Ruddick -- The role of non-decay microorganisms in the degradation of organic wood preservatives / Derek F. Wallace, Steven R. Cook, and David J. Dickinson -- Acetylation of wood in lumber thickness / W.J. Homan -- Furfurylation of wood: chemistry, properties, and commercialization / Stig Lande [and others] -- Wood protection with dimethyloldihydroxy-ethyleneurea and its derivatives / Andreas Krause [and others] -- Processes and properties of thermally modified wood manufactured in Europe / Holger Militz -- The process by which a new wood preservative system for residential exterior applications is developed: an industrial perspective / David B. Helmer -- Wood preservative formulation development and systems: organic- and inorganic-based systems / Mike H. Freeman -- Copper-based systems for exterior residential applications / Donatien Pascal Kamdem -- Borate wood preservatives: the current landscape / Mark J. Manning -- In-process protection of wood composites: an industry perspective / Glenn M. Larkin [and others] -- Organic preservative systems for the protection of wood windows and doors / Alan S. Ross -- Biological degradation of wood-plastic composites (WPC) and strategies for improving the resistance of WPC against biological decay / Anke Schirp [and others] -- The federal insecticide, fungicide, and rodenticide act and its impact on the development of wood preservatives: registration requirements / Henry M. Jacoby and Mike H. Freeman -- American wood-preservers' association and building code procedures for new preservative systems / Craig R. McIntyre -- Environmental regulations and the wood preserving industry / H.M. Rollins -- Disposal management of preservative-treated wood products / Timothy Townsend, Brajesh Dubey, and Helena Solo-Gabriele -- Wood protection in Europe: developments expected up to 2010 / Hans Leithoff [and others] -- Wood preservation trends in North America / H.M. Barnes -- Trends in wood protection in Asia and Oceania: a perspective / Alan Preston and Lehong Jin.
|
| 538 |
|
|
|a Master and use copy. Digital master created according to Benchmark for Faithful Digital Reproductions of Monographs and Serials, Version 1. Digital Library Federation, December 2002.
|u http://purl.oclc.org/DLF/benchrepro0212
|5 MiAaHDL
|
| 583 |
1 |
|
|a digitized
|c 2010
|h HathiTrust Digital Library
|l committed to preserve
|2 pda
|5 MiAaHDL
|
| 546 |
|
|
|a English.
|
| 610 |
2 |
2 |
|a American Wood-Preservers' Association
|x rules & practice
|
| 610 |
1 |
2 |
|a United States
|t Federal Insecticide, Fungicide, and Rodenticide Act
|
| 650 |
|
0 |
|a Wood
|x Preservation.
|
| 650 |
|
0 |
|a Insects.
|
| 650 |
|
0 |
|a Biology.
|
| 650 |
|
0 |
|a Fungicides.
|
| 650 |
|
0 |
|a Paint.
|
| 650 |
|
0 |
|a Termites.
|
| 650 |
|
0 |
|a Acetylation.
|
| 651 |
|
0 |
|a Europe.
|
| 651 |
|
0 |
|a North America.
|
| 650 |
|
2 |
|a Wood
|x chemistry
|
| 650 |
|
2 |
|a Wood
|x adverse effects
|
| 650 |
|
2 |
|a Construction Industry
|
| 650 |
|
2 |
|a Green Chemistry Technology
|
| 650 |
|
2 |
|a Fungi
|x chemistry
|
| 650 |
|
2 |
|a Insecta
|
| 650 |
|
2 |
|a Fungi
|x growth & development
|
| 650 |
|
2 |
|a Microscopy
|
| 650 |
|
2 |
|a Biology
|
| 650 |
|
2 |
|a Fungicides, Industrial
|
| 650 |
|
2 |
|a Paint
|
| 650 |
|
2 |
|a Construction Industry
|x legislation & jurisprudence
|
| 650 |
|
2 |
|a Isoptera
|
| 650 |
|
2 |
|a Pesticides
|x chemistry
|
| 650 |
|
2 |
|a Pesticides
|x economics
|
| 650 |
|
2 |
|a Bacteria
|x chemistry
|
| 650 |
|
2 |
|a Acetylation
|
| 650 |
|
2 |
|a Furaldehyde
|x chemistry
|
| 650 |
|
2 |
|a Imidazoles
|x chemistry
|
| 650 |
|
2 |
|a Copper
|x chemistry
|
| 650 |
|
2 |
|a Borates
|x chemistry
|
| 650 |
|
2 |
|a Plastics
|x chemistry
|
| 651 |
|
2 |
|a United States
|
| 651 |
|
2 |
|a Europe
|
| 651 |
|
2 |
|a North America
|
| 651 |
|
2 |
|a Asia
|
| 651 |
|
2 |
|a Oceania
|
| 650 |
|
6 |
|a Bois
|x Conservation.
|
| 650 |
|
6 |
|a Insectes.
|
| 650 |
|
6 |
|a Biologie.
|
| 650 |
|
6 |
|a Fongicides.
|
| 650 |
|
6 |
|a Peinture (Produit chimique)
|
| 650 |
|
6 |
|a Termites.
|
| 650 |
|
6 |
|a Acétylation.
|
| 651 |
|
6 |
|a Europe.
|
| 651 |
|
6 |
|a Amérique du Nord.
|
| 650 |
|
7 |
|a biology.
|2 aat
|
| 650 |
|
7 |
|a fungicide.
|2 aat
|
| 650 |
|
7 |
|a paint (coating)
|2 aat
|
| 650 |
|
7 |
|a Insecta (class)
|2 aat
|
| 650 |
|
7 |
|a TECHNOLOGY & ENGINEERING
|x Technical & Manufacturing Industries & Trades.
|2 bisacsh
|
| 650 |
|
7 |
|a Termites
|2 fast
|
| 650 |
|
7 |
|a Paint
|2 fast
|
| 650 |
|
7 |
|a Insects
|2 fast
|
| 650 |
|
7 |
|a Fungicides
|2 fast
|
| 650 |
|
7 |
|a Biology
|2 fast
|
| 650 |
|
7 |
|a Acetylation
|2 fast
|
| 650 |
|
7 |
|a Wood
|x Preservation
|2 fast
|
| 651 |
|
7 |
|a North America
|2 fast
|1 https://id.oclc.org/worldcat/entity/E39PBJxRHKPqWyj6g89H9PwHmd
|
| 651 |
|
7 |
|a Europe
|2 fast
|1 https://id.oclc.org/worldcat/entity/E39PBJxCxPbbk4CPJDQJb4r6rq
|
| 655 |
|
7 |
|a Electronic books.
|2 local
|
| 700 |
1 |
|
|a Schultz, Tor P.,
|d 1953-
|1 https://id.oclc.org/worldcat/entity/E39PCjD7vHJPtb3jfW6qHm4THC
|
| 710 |
2 |
|
|a American Chemical Society.
|b Cellulose and Renewable Materials Division.
|
| 776 |
0 |
8 |
|i Print version:
|t Development of commercial wood preservatives.
|d Washington, DC : American Chemical Society ; [New York] : Distributed by Oxford University Press, ©2008
|z 9780841239517
|w (DLC) 2007060563
|w (OCoLC)185095759
|
| 830 |
|
0 |
|a ACS symposium series ;
|v 982.
|
| 856 |
4 |
0 |
|u http://proxy.library.tamu.edu/login?url=https://pubs.acs.org/doi/book/10.1021/bk-2008-0982
|z Connect to the full text of this electronic book
|t 0
|
| 955 |
|
|
|a ASC eBooks Complete Collection
|
| 994 |
|
|
|a 92
|b TXA
|
| 999 |
f |
f |
|s e7c04ee4-536b-42ab-8a00-76af20a684d2
|i c5ec028e-7973-42e1-ab4e-2a45c29e34bb
|t 0
|
| 952 |
f |
f |
|a Texas A&M University
|b College Station
|c Electronic Resources
|d Available Online
|t 0
|e TA424QD3 A37 V.982b .D48 2008b
|h Library of Congress classification
|
| 998 |
f |
f |
|a TA424QD3 A37 V.982b .D48 2008b
|t 0
|l Available Online
|